Ekonomické terminológie
Nové revolučné zmeny ekonomického systmu v rámci globalizácie a intzernacionalizáie prinášaú so sebou i potrebu vysvetľovať výrazy a pojmy charakteriszujúce nové väzby a procesy. Dôraz je kladený na čistotu ekonomického vyjadrovania sa ako v teórii tak i v praxi.
Enregistré dans:
| Auteur principal: | |
|---|---|
| Format: | Chapitre de livre |
| Langue: | slovaque |
| Sujets: | |
| Tags: |
Pas de tags, Soyez le premier à ajouter un tag!
|
MARC
| LEADER | 00000naa$a2200000$$$4500 | ||
|---|---|---|---|
| 001 | 0039628 | ||
| 005 | 20220802134920.8 | ||
| 041 | 0 | |a slo | |
| 044 | |a SK | ||
| 245 | 1 | 0 | |a Ekonomické terminológie |c Pavol Konštiak |
| 520 | |a Nové revolučné zmeny ekonomického systmu v rámci globalizácie a intzernacionalizáie prinášaú so sebou i potrebu vysvetľovať výrazy a pojmy charakteriszujúce nové väzby a procesy. Dôraz je kladený na čistotu ekonomického vyjadrovania sa ako v teórii tak i v praxi. | ||
| 610 | 2 | 0 | |a veda ekonomická |
| 610 | 2 | 0 | |a terminológia |
| 610 | 2 | 0 | |a unifikácia |
| 610 | 2 | 0 | |a pojmy |
| 100 | 1 | |a Konštiak, Pavol | |